000 00445nam a22001817a 4500
003 MPLRDC
005 20220104142429.0
008 210129b ||||| |||| 00| 0 eng d
020 _a957-731-038-9
082 _a690.2 HLS
100 _a何礼荪
245 _a中国逍遥游: 三峡
_c
250 _a初版
260 _a
_b宏观文化事业股份有限公司
_c1994
300 _b
650 _a中国游记
942 _cBK
_o690.2 HLS
999 _c30835
_d30825